000 00488nam a22001817a 4500
008 151120b xxu||||| |||| 00| 0 eng d
020 _a9780495560654
020 _a0495560650
041 0 _aeng
080 _a514.11
100 1 _aStewart, James,
245 1 0 _aCalculus :
_cJames Stewart.
250 _a4th ed.
260 _aBelmont, CA :
_bCengage learning;
_c2010.
300 _axxi, 1185, 130 f. :
_bme il.;
_c26 cm. +
650 0 _aKalkulus
942 _2udc
_cBK
999 _c1379
_d1379